Funds held back by development (Record no. 73054)

MARC details
000 -LEADER
fixed length control field 00950cam a2200193 4500
001 - CONTROL NUMBER
control field WB3927-13
008 - FIXED-LENGTH DATA ELEMENTS--GENERAL INFORMATION
fixed length control field 030716n2003 000 0 eng u
035 ## - SYSTEM CONTROL NUMBER
System control number (Sirsi) u123018
245 ## - TITLE STATEMENT
Title Funds held back by development
260 ## - PUBLICATION, DISTRIBUTION, ETC.
Date of publication, distribution, etc. 2003
490 ## - SERIES STATEMENT
Series statement IPD Press Release
Volume/sequential designation 19 June 2003 (1)
520 ## - SUMMARY, ETC.
Summary, etc. Latest research from IPD "Property funds review" reveals that, for the first time in nine years, development retarded property fund performance. Limited partnerships were found to be the strongest performing fund group, with life funds as the poorest. Copies of the report can be obtained from IPD as part of a subscription and further information is available from Kevin Swaddle t +44 (0)20 7643 9275 or http://www.ipdindex.co.uk http://www.ipdindex.co.uk/results/press_releases/content_frame_pfr.html
590 ## - LOCAL NOTE (RLIN)
Local note WB
650 ## - SUBJECT ADDED ENTRY--TOPICAL TERM
Topical term or geographic name entry element PROPERTY FUNDS
650 ## - SUBJECT ADDED ENTRY--TOPICAL TERM
Topical term or geographic name entry element PROPERTY MARKET
650 ## - SUBJECT ADDED ENTRY--TOPICAL TERM
Topical term or geographic name entry element FUNDS
690 ## - LOCAL SUBJECT ADDED ENTRY--TOPICAL TERM (OCLC, RLIN)
Topical term or geographic name as entry element INVESTMENT
942 ## - ADDED ENTRY ELEMENTS (KOHA)
Suppress in OPAC 0
Holdings
Withdrawn status Lost status Source of classification or shelving scheme Damaged status Not for loan Home library Current library Shelving location Date acquired Total Checkouts Full call number Barcode Date last seen Copy number Price effective from Koha item type
    Dewey Decimal Classification     London London News article 16/07/2003   WB3927-13 123018-1001 06/08/2019 1 06/08/2019 News article